[Event "ROM-ch U12"]
[Site "Calimanesti"]
[Date "2015.04.03"]
[Round "6"]
[White "Popa, Ioan Ciprian"]
[Black "Clenciu, Daniel Marian"]
[Result "1-0"]
[WhiteElo "1432"]
[BlackElo "1070"]
[PlyCount "129"]
[EventDate "2015.03.30"]
[EventType "swiss"]
[EventRounds "9"]
[EventCountry "ROU"]
[SourceTitle "CBM 165 Extra"]
[Source "ChessBase"]
[SourceDate "2015.04.21"]
[SourceVersion "1"]
[SourceVersionDate "2015.04.21"]
[SourceQuality "1"]

1. e4 e5 2. Nf3 Nf6 3. Bc4 Bc5 4. d3 h6 5. Nbd2 d6 6. h3 Nc6 7. Nb3 Bb6 8. d4 Nxe4 9. Qd3 Bf5 10. Qe3 d5 11. Bd3 Nb4 12. Nxe5 f6 13. Nf3 Qd6 14. Bd2 0-0-0 15. Bxb4 Qxb4+ 16. c3 Qd6 17. c4 Qb4+ 18. Nbd2 Rhe8 19. a3 Qxb2 20. Rb1 Nxd2 21. Rxb2 Nxf3+ 22. gxf3 Bxd3 23. Kd2 Rxe3 24. fxe3 Bxc4 25. Rg1 g5 26. Kc3 Re8 27. e4 Ba5+ 28. Kc2 dxe4 29. fxe4 Rxe4 30. Rd1 Re2+ 31. Kc1 Re3 32. d5 f5 33. d6 cxd6 34. Rxd6 f4 35. Rxh6 f3 36. Rh8+ Kc7 37. Rc2 f2 38. Rxf2 Re1+ 39. Kc2 Ra1 40. Rff8 Kd6 41. Rh5 b5 42. Rxg5 Rxa3 43. h4 Bd3+ 44. Kb2 Ke7 45. Rf3 b4 46. Rgg3 Bc7 47. Re3+ Kd7 48. Rxd3+ Rxd3 49. Rxd3+ Kc8 50. h5 a5 51. Kb3 Kb7 52. h6 Kb6 53. Rd7 Be5 54. Rd5 Bc7 55. h7 Kc6 56. Rxa5 Bxa5 57. h8Q Kb6 58. Qc8 Ka7 59. Kc4 Kb6 60. Qc5+ Kb7 61. Qb5+ Ka7 62. Qxa5+ Kb7 63. Qxb4+ Ka8 64. Kc5 Ka7 65. Kc6 1-0

[Event "ROM-ch U12"]
[Site "Calimanesti"]
[Date "2015.03.31"]
[Round "2"]
[White "Cirtina, Victor"]
[Black "Popa, Ioan Ciprian"]
[Result "0-1"]
[WhiteElo "1100"]
[BlackElo "1432"]
[PlyCount "148"]
[EventDate "2015.03.30"]
[EventType "swiss"]
[EventRounds "9"]
[EventCountry "ROU"]
[SourceTitle "CBM 165 Extra"]
[Source "ChessBase"]
[SourceDate "2015.04.21"]
[SourceVersion "1"]
[SourceVersionDate "2015.04.21"]
[SourceQuality "1"]

1. d4 Nf6 2. Nf3 g6 3. Bf4 Bg7 4. e3 Nc6 5. c3 d5 6. Bd3 Nd7 7. e4 dxe4 8. Bxe4 e5 9. dxe5 Ndxe5 10. Qxd8+ Kxd8 11. Nxe5 Nxe5 12. Nd2 Bf5 13. Bxf5 gxf5 14. 0-0-0 Nd3+ 15. Kc2 Nxf4 16. Nf3+ Ke7 17. Rhe1+ Kf6 18. g3 Ng6 19. Rd7 Rac8 20. h4 Rhd8 21. Red1 Rxd7 22. Rxd7 Bh6 23. h5 Nf8 24. Rd3 Re8 25. Kd1 f4 26. g4 Bg5 27. Rd5 h6 28. Rf5+ Kg7 29. Nxg5 hxg5 30. Rxg5+ Kh6 31. Rf5 Re7 32. Rxf4 Kg5 33. Rb4 b6 34. Kd2 Nd7 35. a4 a5 36. Rb5+ Nc5 37. b4 c6 38. Rxc5+ bxc5 39. bxc5 Re5 40. Kd3 Rxc5 41. Kd4 Rd5+ 42. Kc4 Kxg4 43. h6 Rh5 44. h7 Rxh7 45. Kc5 Rh6 46. Kb6 Kf3 47. Kxa5 c5 48. Kb5 Kxf2 49. Kxc5 f5 50. a5 Ke3 51. Kb5 f4 52. a6 Rxa6 53. Kxa6 f3 54. c4 f2 55. c5 f1Q+ 56. Kb6 Qf6+ 57. c6 Kd4 58. Kb7 Qe7+ 59. c7 Qb4+ 60. Kc6 Qc5+ 61. Kd7 Qd5+ 62. Ke7 Qe5+ 63. Kd7 Qd5+ 64. Ke7 Qc6 65. Kd8 Qd6+ 66. Kc8 Kc5 67. Kb8 Qb6+ 68. Kc8 Kc6 69. Kd8 Qxc7+ 70. Ke8 Kd6 71. Kf8 Ke6 72. Kg8 Kf6 73. Kh8 Kg6 74. Kg8 Qg7# 0-1

[Event "ROM-ch U12"]
[Site "Calimanesti"]
[Date "2015.03.30"]
[Round "1"]
[White "Popa, Ioan Ciprian"]
[Black "Dumitrescu, Matei Pavel"]
[Result "0-1"]
[WhiteElo "1432"]
[BlackElo "1747"]
[PlyCount "90"]
[EventDate "2015.03.30"]
[EventType "swiss"]
[EventRounds "9"]
[EventCountry "ROU"]
[SourceTitle "CBM 165 Extra"]
[Source "ChessBase"]
[SourceDate "2015.04.21"]
[SourceVersion "1"]
[SourceVersionDate "2015.04.21"]
[SourceQuality "1"]

1. e4 c5 2. Nf3 e6 3. b3 Nf6 4. Nc3 d5 5. e5 Nfd7 6. Bb2 a6 7. d4 Nc6 8. Qd3 b5 9. Be2 Be7 10. 0-0 cxd4 11. Nxd4 Ncxe5 12. Qg3 Bf6 13. Nf3 Nxf3+ 14. Bxf3 0-0 15. Be2 Bb7 16. Bc1 b4 17. Bh6 bxc3 18. Kh1 Qb8 19. f4 Kh8 20. Bg5 Bxg5 21. Qxg5 Qd8 22. Qh5 Nf6 23. Qh3 Ne4 24. Bd3 f5 25. Qh5 Qf6 26. Rf3 Qg6 27. Qh4 Qf6 28. Qh5 Rad8 29. Bxe4 dxe4 30. Rh3 h6 31. Re1 Rd2 32. Ree3 Rfd8 33. Re1 e3 34. Rg3 Kh7 35. h3 g6 36. Qe2 Rxe2 37. Rxe2 g5 38. Rgxe3 Be4 39. fxg5 hxg5 40. Rf2 Qe5 41. Kg1 Rd1+ 42. Rf1 Rxf1+ 43. Kxf1 Bxg2+ 44. Kf2 Qf4+ 45. Ke2 Qf1# 0-1